CompTIA Network+ certification practice exams (exam N10-005) / (رقم التسجيلة. 33094)

تفاصيل مارك
000 -الفاتح
حقل البيانات ثابتة الطول 01222cam a2200337 a 4500
001 - رقم الضبط
رقم الضبط 17229361
003 - محدد رقم الضبط
رقم الضبط OSt
005 - وقت وتاريخ اخر تعامل مع التسجيلة
رقم الضبط 20150408114202.0
008 - عناصر البيانات ثابتة الطول - معلومات عامة
حقل البيانات ثابتة الطول 120328s2012 nyu 001 0 eng
010 ## - رقم ضبط مكتبة الكونجرس
رقم ضبط مكتبة الكونجرس 2012007035
020 ## - الرقم الدولى المعيارى للكتب
الرقم الدولى المعيارى للكتاب 9780071788786 (alk. paper)
020 ## - الرقم الدولى المعيارى للكتب
الرقم الدولى المعيارى للكتاب 9780071788793 (CDROM)
020 ## - الرقم الدولى المعيارى للكتب
الرقم الدولى المعيارى للكتاب 9780071788816 (Set)
040 ## - مصدر الفهرسة
وكالة الفهرسة الأصلية DLC
وكالة النسخ DLC
وكالة التعديل DLC
042 ## - رمز التحقق
رمز التحقق pcc
050 00 - رقم طلب مكتبة الكونجرس
رقم التصنيف TK5105.5
رقم المادة .T725 2012
082 00 - رقم تصنيف ديوى العشرى
رقم التصنيف 004.6
رقم الطبعة 23
رقم المادة TRC
100 1# - المدخل الرئيسى - إسم شخصى
الإسم الشخصى Tracy, Robb H.
9 (RLIN) 41960
245 10 - بيان العنوان
العنوان CompTIA Network+ certification practice exams (exam N10-005) /
بيان المسئوليه,etc Robb H. Tracy.
260 ## - PUBLICATION, DISTRIBUTION, ETC. (IMPRINT)
مكان الناشر او الموزع New York :
اسم الناشر او الموزع McGraw-Hill,
تاريخ النشر أو التوزيع c2012.
300 ## - الوصف المادى
التعداد xx, 473 p. ;
أبعاد الوعاء 24 cm. +
المادة المصاحبة 1 CD-ROM (43/4 in.)
490 0# - بيان السلسلة
عنوان السلسلة Practice exams
500 ## - تبصرة عامة
تبصرة عامة Includes index.
610 20 - المدخل الاضافى بالموضوع-اسم هيئة
اسم الهيئة أو اسم السلطة كمدخل Computing Technology Industry Association
التقسيم الفرعي العام Examinations
التقسيم الفرعي الشكلي Study guides.
9 (RLIN) 41306
650 #0 - المدخل الاضافى بالموضوع-مصطلح موضوعى
مصطلح موضوعي أو اسم جغرافي كعنصر مدخل Computer networks
التقسيم الفرعي العام Examinations
التقسيم الفرعي الشكلي Study guides.
650 #0 - المدخل الاضافى بالموضوع-مصطلح موضوعى
مصطلح موضوعي أو اسم جغرافي كعنصر مدخل Telecommunications engineers
التقسيم الفرعي العام Certification.
9 (RLIN) 5966
650 #0 - المدخل الاضافى بالموضوع-مصطلح موضوعى
مصطلح موضوعي أو اسم جغرافي كعنصر مدخل Electronic data processing personnel
التقسيم الفرعي العام Certification.
906 ## - عنصر بيانات محلى F, LDF (RLIN)
a 7
b cbc
c orignew
d 1
e ecip
f 20
g y-gencatlg
942 ## - عناصر المدخل الإضافي( كوها)
مصدر التصنيف او مخطط الترفيف Dewey Decimal Classification
Koha [default] item type DVD
المقتنيات
حالة الفقد نموذج السعر الفعال حالة تلف ليس للاعارة رقم الطلب تاريخ الاكتساب الموقع الحالي الفرع الرئيسي Date last seen نوع المادة فى نظام كوها مصدر التصنيف او خطة الترفيف Total Checkouts
  2014-01-09     004.6 TRC 2014-01-09 المكتبة المركزية بالمجمعة (CL) المكتبة المركزية بالمجمعة (CL) 2014-01-09 كتاب Dewey Decimal Classification